TV Show By Funko! (Part Two) Quiz Stats

 Plays Quiz not verified by Sporcle

Score 0/20 Timer 05:00
0 Plays Today
% Correct
South Park
96.1%
Sesame Street
94.6%
The Big Bang Theory
93%
Futurama
91.5%
The Walking Dead
89.5%
Rugrats
87.6%
Orange Is The New Black
86.8%
Breaking Bad
86.4%
The Golden Girls
86%
Beavis And Butthead
84.5%
% Correct
Chilling Adventures Of Sabrina
81.8%
Pinky And The Brain
80.6%
The A-Team
75.2%
Supernatural
66.7%
Sherlock
62.8%
American Horror Story
56.6%
Gotham
52.7%
Angry Beavers
48.1%
Firefly
46.5%
True Blood
42.6%

You're not logged in!

Compare scores with friends on all Sporcle quizzes.
OR
Log In

Show Comments

Extras

Top Quizzes Today


Score Distribution

Your Account Isn't Verified!

In order to create a playlist on Sporcle, you need to verify the email address you used during registration. Go to your Sporcle Settings to finish the process.

Report this User

Report this user for behavior that violates our Community Guidelines.

Details: